Kaizen a jeho implementácia ako nástroja na systematické odhaľovanie a odstraňovanie plytvania vo výrobnom procese v konkrétnom slovenskom podniku diplomová práca

Uložené v:
Podrobná bibliografia
Hlavný autor: Havrilová, Martina
Korporativný autor: Podnikovohospodárska fakulta EU so sídlom v Košiciach. Katedra informačnej a jazykovej komunikácie
Ďalší autori: Dugas, Jaroslav, 1967-
Médium: Kniha
Jazyk:Slovak
Vydavateľské údaje: Košice 2018
Tagy: Pridať tag
Žiadne tagy, Buďte prvý, kto otaguje tento záznam!

MARC

LEADER 00000nbm a2200000 4500
001 0244101
005 20181025113229.6
041 0 |a slo 
044 |a SK 
245 1 0 |a Kaizen a jeho implementácia ako nástroja na systematické odhaľovanie a odstraňovanie plytvania vo výrobnom procese v konkrétnom slovenskom podniku  |b diplomová práca  |c Martina Havrilová ; školiteľ: Jaroslav Dugas 
264 1 |a Košice  |c 2018 
300 |a 60 s. 
100 1 |a Havrilová, Martina 
700 1 |a Dugas, Jaroslav, 1967- 
710 2 |a Podnikovohospodárska fakulta EU so sídlom v Košiciach. Katedra informačnej a jazykovej komunikácie